| 000 | 00533nam a2200193Ia 4500 | ||
|---|---|---|---|
| 003 | OSt | ||
| 005 | 20250429124020.0 | ||
| 008 | 210210b1971 xxu||||| |||| 00| 0 eng d | ||
| 040 | _cAL | ||
| 041 | _aKannada | ||
| 082 | _aK894.7 DASD | ||
| 100 |
_aDASHARATHI DIKSHIT. _dದಾಶರಥಿ ದೀಕ್ಷಿತ್ _9186897 |
||
| 245 |
_aDasara bombe. _bದಸರಾ ಬೊಂಬೆ. |
||
| 260 |
_aBengaluru _bGitaPablikeshans _c1971 |
||
| 300 | _a176,vi | ||
| 690 |
_aKannada Humour _9186898 |
||
| 906 | _a028810 | ||
| 942 |
_2ddc _cBK |
||
| 999 |
_c80046 _d80046 |
||